Európania menia postoj k masovej migrácii
Bilancia počtu migrantov v minulom roku - milión stotisíc. Prognózy na tento rok sú vyššie. Obavy radových občanov z nekontrolovateľnej záplavy migrantov. Strach pri pohľade na davy zväčša moslimských migrantov. Názorová odlišnosť krajín Európskej únie. Riziko rozpadu schengenského priestoru. Stavan...
Salvato in:
| Autore principale: | |
|---|---|
| Natura: | Capitolo di libro |
| Lingua: | slovacco |
| Soggetti: | |
| Tags: |
Nessun Tag, puoi essere il primo ad aggiungerne!!
|
MARC
| LEADER | 00000naa a2200000 4500 | ||
|---|---|---|---|
| 001 | 0212366 | ||
| 005 | 20231113104759.0 | ||
| 041 | 0 | |a slo | |
| 044 | |a SK | ||
| 245 | 1 | 0 | |a Európania menia postoj k masovej migrácii |c Adrian Peter Pressburg |
| 520 | |a Bilancia počtu migrantov v minulom roku - milión stotisíc. Prognózy na tento rok sú vyššie. Obavy radových občanov z nekontrolovateľnej záplavy migrantov. Strach pri pohľade na davy zväčša moslimských migrantov. Názorová odlišnosť krajín Európskej únie. Riziko rozpadu schengenského priestoru. Stavanie plotov. Brusel vkladá nádej do prehlbovania dohôd s Tureckom o riadenej migrácii. | ||
| 610 | 2 | 0 | |a migrácia |
| 610 | 2 | 0 | |a migrácia nelegálna |
| 610 | 2 | 0 | |a imigrácia |
| 610 | 2 | 0 | |a politika medzinárodná |
| 610 | 2 | 0 | |a islam |
| 610 | 2 | 0 | |a Európska únia |
| 610 | 2 | 0 | |a kríza |
| 100 | 1 | |a Pressburg, Adrian Peter | |